End to pounding : (Record no. 12393)

MARC details
000 -LEADER
fixed length control field 00497nam a2200193 4500
005 - DATE AND TIME OF LATEST TRANSACTION
control field 20150908092522.0
007 - PHYSICAL DESCRIPTION FIXED FIELD--GENERAL INFORMATION
fixed length control field 000
008 - FIXED-LENGTH DATA ELEMENTS--GENERAL INFORMATION
fixed length control field 000
020 ## - INTERNATIONAL STANDARD BOOK NUMBER
International Standard Book Number 0889366246
040 ## - CATALOGING SOURCE
Original cataloging agency UOEL
050 ## - LIBRARY OF CONGRESS CALL NUMBER
Classification number TS2158
Item number .E3 1980
100 ## - MAIN ENTRY--PERSONAL NAME
Personal name Eastman, P.
245 ## - TITLE STATEMENT
Title End to pounding :
Remainder of title a new mechanical flour milling system in use in Africa /
Statement of responsibility, etc P. Eastman
260 ## - PUBLICATION, DISTRIBUTION, ETC. (IMPRINT)
Place of publication, distribution, etc Ottawa ;
Name of publisher, distributor, etc IDRC ,
Date of publication, distribution, etc c1980.
300 ## - PHYSICAL DESCRIPTION
Extent 63 p. :
Other physical details ill.
440 ## - SERIES STATEMENT/ADDED ENTRY--TITLE
Title IDRC - 152e
650 ## - SUBJECT ADDED ENTRY--TOPICAL TERM
Topical term or geographic name as entry element Milling system
General subdivision Manufactures
942 ## - ADDED ENTRY ELEMENTS (KOHA)
Source of classification or shelving scheme Library of Congress Classification
Item type Loan - Normal on open shelf
Holdings
Withdrawn status Lost status Source of classification or shelving scheme Damaged status Not for loan Home library Current library Shelving location Date acquired Total Checkouts Full call number Barcode Date last seen Copy number Price effective from Koha item type
    Library of Congress Classification     UOE Main Library UOE Main Library Open shelf 08/09/2015   TS2158 .E3 1980 20144535 08/09/2015 20144535 08/09/2015 Loan - Normal on open shelf